000 00212 a2200097 4500
001 10441
100 _aMcleish, W Y
245 _aEducation through mathematics.
260 _a
_bMacmillan
_c
090 _c8066
_d8066
942 _aNUST-CAE
_cM
_c34785
999 _c245514
_d245514